000 00738nam a2200169 4500
001 123458
003 ES-MaACL
005 20230906192157.0
007 t|
008 070214s1962 sp r ||||1| spa d
100 1 _aRafael Arnáiz
_cBeato (
_d1911-1938)
_994953
245 1 3 _aLa Trapa de Fr. Mª Rafael, San Isidro de Dueñas
_b: una visión gráfica de los monjes cistercienses de la Estrecha Observancia /
_ccon textos de Fr. Mª Rafael Arnáiz Barón, seleccionados por los monjes de San Isidro de Dueñas [Palencia].
260 _aMadrid :
_bEl Perpetuo Socorro,
_c1962.
300 _a60 p. :
_bil. = retr. aut. ;
_c28 cm.
710 2 _aAbadía Cisterciense de San Isidro de Dueñas.
_91130
852 _aES-MaACL
_jC-22343
_bR.50336
999 _c123458
_d123458